• 首页
  • 本馆介绍
  • 公告通知
  • 最新文献
  • 馆藏检索
  • 电子资源
  • 读者导购
  • 参考咨询
  • 我的图书馆
  • 登录
  • 详细信息显示
  • 放入我的书架
  • 预约/预借图书
  • 作者相关作品
  • 分类相关作品
  • 丛书相关作品
  • 出版社相关作品

书目信息

  • 表格格式
  • 工作单格式
  • 卡片格式
题名:
草地退化快速评估技术
    
 
作者: 杨婷婷, , 丁勇, 主编
分册:  
出版信息: 北京   中国农业科学技术出版社  2016.08
页数: 108页
开本: 24cm
丛书名: 牧区 半牧区 草牧业科普系列丛书
单 册:
中图分类: S812.3
科图分类:
主题词: 退化草地--tui hua cao di--技术评估
电子资源:
ISBN: 978-7-5116-2685-1
000 01331nam 2200289 450
001 CAL 0120141391231
005 20230308143222.0
010    @a978-7-5116-2685-1@dCNY25.00
100    @a20160909d2016 em y0chiy0120 ea
101 0  @achi
102    @aCN@b110000
105    @aak a 000yy
106    @ar
200 1  @a草地退化快速评估技术@Acao di tui hua kuai su ping gu ji shu@f杨婷婷, 丁勇主编
210    @a北京@c中国农业科学技术出版社@d2016.08
215    @a108页@c图@d24cm
225 2  @a牧区 半牧区 草牧业科普系列丛书@Amu qu ban mu qu cao mu ye ke pu xi lie cong shu
314    @a杨婷婷, 女, 内蒙古临河人, 1981年出生, 副研究员, 农学博士。丁勇, 男,河北武邑县人, 1980年出生, 副研究员, 理学博士。
320    @a有书目 (第92-108页)
330    @a本书共4章, 第一章对草地退化进行总体概括, 介绍草地退化的概念及草地退化的现状、类型和成因等。第二章从植被和土壤参数的变化入手介绍草地退化评估方法。第三章介绍草地退化的遥感品谷方法。第四章以高寒草地生态系统健康评价和草地沙漠化治理工程生态效益快速评价为例介绍草地退化综合评估方法与流程。
410  0 @12001 @a牧区 半牧区 草牧业科普系列丛书
606 0  @a退化草地@Atui hua cao di@x技术评估
690    @aS812.3@v5
701  0 @a杨婷婷,@Ayang ting ting@f1981-@4主编
701  0 @a丁勇,@Ading yong@f1980-@4主编
801  0 @aCN@bBJXHXP@c20230308
905    @b1403916-20@dS812.3@e231@f5
    
    草地退化快速评估技术/杨婷婷, 丁勇主编.-北京:中国农业科学技术出版社,2016.08
    108页:图;24cm.-(牧区 半牧区 草牧业科普系列丛书)
    
    
    ISBN 978-7-5116-2685-1:CNY25.00
    本书共4章, 第一章对草地退化进行总体概括, 介绍草地退化的概念及草地退化的现状、类型和成因等。第二章从植被和土壤参数的变化入手介绍草地退化评估方法。第三章介绍草地退化的遥感品谷方法。第四章以高寒草地生态系统健康评价和草地沙漠化治理工程生态效益快速评价为例介绍草地退化综合评估方法与流程。
●
相关链接 在E读中查询图书 在五车中查询图书 在当当中查询图书 在豆瓣中查询图书


正题名:草地退化快速评估技术     索取号:S812.3/231         预约/预借

序号 登录号 条形码 馆藏地/架位号 状态 备注
1 1403916   214039164   第二样本阅览室/ [索取号:S812.3/231] 在馆    
2 1403917   214039173   第三借阅区/ [索取号:S812.3/231] 在馆    
3 1403918   214039182   第三借阅区/ [索取号:S812.3/231] 在馆    
4 1403919   214039191   第三借阅区/ [索取号:S812.3/231] 在馆    
5 1403920   214039208   第三借阅区/ [索取号:S812.3/231] 在馆    
唐山师范学院图书馆 欢迎您!
大连网信软件有限公司© 版权所有